000 00543nam a2200217Ia 4500
003 OSt
005 20220926043015.0
006 a|||||r|||| 00| 0
007 ta
008 220923b |||||||| |||| 00| 0 eng d
037 _cGeneral Book
040 _aRTL
_cRTL
_beng
041 _2eng
_aeng
082 _aR4v19M.N5, J9
100 _aBrinton Crane
_941716
245 0 _aHistory of Western morals
260 _c1959
650 _aEthics
942 _hR4v19M.N5, J9
_cGB
_2CC
999 _c671199
_d671199